Statistics for Countries with Swahili as an Official Language

Click here to take the quiz!

General Stats

  • This quiz has been taken 78 times
  • The average score is 5 of 6

Answer Stats

PercentageAnswer% Correct
100%Kenya
99%
26%Tanzania
99%
5%Uganda
96%
20%Rwanda
91%
3%Burundi
88%
70%South Sudan
52%

Score Distribution

Percentile by Number Answered

Percent of People with Each Score

Your Score History

You have not taken this quiz